000 00471nam a22001697a 4500
005 20260312154531.0
008 260312b |||||||| |||| 00| 0 eng d
037 _cDSWL
040 _aDSWL
_cDSWL
041 _heng
100 _aRaj, Ritu
_91131886
245 _aWomen and their engagement with nature
260 _aDelhi,
_bDepartment of Social Work,
_c2016
300 _a130p
942 _2CC
_cTH
_n0
999 _c1715266
_d1715266